[Event "East Lansing (MOR/5)"]
[Site "?"]
[Date "1991.??.??"]
[Round "?"]
[White "Hayes, Tim"]
[Black "Williams, BM."]
[Result "1-0"]
[WhiteElo "1605"]
[BlackElo "1680"]
[PlyCount "89"]
[EventDate "1991.??.??"]

1. e4 e6 2. d4 d5 3. exd5 exd5 4. Nc3 Bb4 5. Bd2 Be6 6. Nf3 Nf6 7. a3 Ba5 8.
Bd3 h6 9. O-O O-O 10. b4 Bb6 11. Be3 c6 12. Qd2 Ng4 13. Rae1 Bc7 14. h3 Nxe3
15. fxe3 Bg3 16. Re2 b5 17. e4 a5 18. exd5 Bxd5 19. Ne5 Be6 20. Rf3 Qxd4+ 21.
Ree3 Bxe5 22. Kh1 Bf6 23. Rg3 Kh8 24. Nd1 Bg5 25. Rxg5 hxg5 26. Rg3 f6 27. Qe2
Bf7 28. Rg4 Qd6 29. Qe4 g6 30. Qf3 Nd7 31. h4 Rae8 32. Ne3 Kg7 33. hxg5 Rh8+
34. Kg1 Bd5 35. gxf6+ Kf8 36. Nxd5 Qxd5 37. Qf4 Qe5 38. Qf3 Qxf6 39. Rf4 Re1+
40. Kf2 Qxf4 41. Qxf4+ Ke7 42. Kxe1 Re8 43. Kd2 axb4 44. axb4 Nb6 45. Qe3+ 1-0

[Event "East Lansing (MOR/1)"]
[Site "?"]
[Date "1991.??.??"]
[Round "?"]
[White "Hayes, Tim"]
[Black "Pointer, Gilbert"]
[Result "1/2-1/2"]
[WhiteElo "1605"]
[BlackElo "1760"]
[PlyCount "143"]
[EventDate "1991.??.??"]

1. e4 d6 2. Nf3 Nc6 3. d4 Bg4 4. Be2 Nf6 5. Nc3 g6 6. O-O Bg7 7. Be3 O-O 8. Qd2
Rb8 9. h3 Bd7 10. Bh6 Bxh6 11. Qxh6 e5 12. dxe5 Nxe5 13. Rfe1 Nxf3+ 14. Bxf3
Kh8 15. e5 dxe5 16. Rxe5 Ng8 17. Qf4 Qf6 18. Qe3 Rfe8 19. Rxe8 Rxe8 20. Qxa7
Bxh3 21. Qxb7 Bf5 22. Qxc7 Rc8 23. Qb7 Kg7 24. Re1 Rd8 25. Re2 Qg5 26. Re3 Bxc2
27. Qc7 Bf5 28. Qe5+ Qf6 29. Qxf6+ Nxf6 30. b4 Nd7 31. Be4 Be6 32. a3 Nb6 33.
Rd3 Rb8 34. Bc6 Nc4 35. Nb5 Ne5 36. Rc3 Nxc6 37. Nc7 Bd7 38. b5 Nd4 39. Rd3
Nxb5 40. Rxd7 Nxa3 41. g3 Nc4 42. Kg2 Ne5 43. Rd5 Kf6 44. Nb5 Ke6 45. Nc7+ Kf6
46. Nb5 Nc4 47. Rc5 Ne5 48. Nd4 Rb2 49. Rc2 Rb4 50. Rd2 Nc4 51. Rd3 Rb2 52. Rc3
Na5 53. Rc5 Ra2 54. Rc7 Rd2 55. Nf3 Ra2 56. Ra7 h5 57. Nd4 Ra1 58. Ra6+ Kg7 59.
Ra7 Nb3 60. Rxa1 Nxa1 61. Kf3 Kf6 62. Ke4 g5 63. f3 h4 64. gxh4 gxh4 65. Kf4
Kg6 66. Kg4 h3 67. Kxh3 Kg5 68. f4+ Kxf4 69. Kh4 Ke4 70. Kg5 Ke5 71. Kg4 Kxd4
72. Kf5 1/2-1/2

[Event "East Lansing (MOR/2)"]
[Site "?"]
[Date "1991.??.??"]
[Round "?"]
[White "Hayes, P."]
[Black "Workman, K."]
[Result "1-0"]
[WhiteElo "1605"]
[BlackElo "1605"]
[PlyCount "101"]
[EventDate "1991.??.??"]

1. e4 a6 2. d4 b5 3. Nf3 Bb7 4. Bd3 e6 5. Ne5 Nf6 6. Bg5 Be7 7. Nd2 d6 8. Ng4
Nxg4 9. Bxe7 Qxe7 10. Qxg4 g6 11. Nf3 f5 12. Qf4 Rf8 13. e5 Nd7 14. O-O-O Nb6
15. Rhg1 Nd5 16. Qh6 O-O-O 17. Qd2 Kb8 18. Kb1 c5 19. exd6 Qxd6 20. dxc5 Qxc5
21. Ng5 Qe7 22. f4 Rc8 23. Rge1 Rc6 24. g3 Rfc8 25. Qe2 Nc7 26. Nf3 h6 27. Ne5
Rc5 28. Nxg6 Qe8 29. Ne5 Nd5 30. Nf3 R8c6 31. Nd4 Rb6 32. Nxf5 Nc7 33. Qe3 Qc6
34. Nd4 Qd7 35. Nb3 Rcc6 36. Be4 Nd5 37. Qf2 Rd6 38. f5 Nc3+ 39. bxc3 Rxd1+ 40.
Rxd1 Qxd1+ 41. Kb2 Rd6 42. f6 Rd8 43. Bxb7 Kxb7 44. Nc5+ Kc8 45. Nxe6 Rd2 46.
Qc5+ Kd7 47. Qe7+ Kc6 48. Nd4+ Rxd4 49. cxd4 Qxd4+ 50. Kc1 Qg1+ 51. Kd2 1-0

[Event "East Lansing (MOR/7)"]
[Site "?"]
[Date "1991.??.??"]
[Round "?"]
[White "Hayes, P."]
[Black "Tanner, S."]
[Result "0-1"]
[WhiteElo "1605"]
[BlackElo "1645"]
[PlyCount "52"]
[EventDate "1991.??.??"]

1. e4 c5 2. Nf3 d6 3. d4 cxd4 4. Nxd4 Nf6 5. Nc3 Nc6 6. Bg5 e6 7. Be2 Be7 8.
Qd2 O-O 9. O-O a6 10. a3 e5 11. Nf5 Bxf5 12. exf5 Nd4 13. Bd3 Qd7 14. Bxf6 Bxf6
15. Ne4 Nxf5 16. Nxf6+ gxf6 17. Bxf5 Qxf5 18. Qxd6 Rad8 19. Qb4 Rd7 20. Rfe1
Rfd8 21. f3 Rd2 22. Re4 Qd7 23. Ree1 Rxc2 24. Red1 Qxd1+ 25. Qe1 Qxe1+ 26. Rxe1
Rdd2 0-1

[Event "East Lansing (MOR/5)"]
[Site "?"]
[Date "1991.??.??"]
[Round "?"]
[White "Hayes, P."]
[Black "Steverson, Bunnard"]
[Result "0-1"]
[WhiteElo "1605"]
[BlackElo "1785"]
[PlyCount "50"]
[EventDate "1991.??.??"]

1. e4 c5 2. Nf3 d6 3. d4 cxd4 4. Nxd4 Nf6 5. Nc3 a6 6. Be2 e6 7. a3 b5 8. b4
Qc7 9. Qd3 Bb7 10. Bb2 Be7 11. O-O O-O 12. a4 bxa4 13. Rxa4 Nbd7 14. Nf3 Nb6
15. Raa1 Rac8 16. Qd4 e5 17. Qd2 Nc4 18. Bxc4 Qxc4 19. Rfe1 Qxb4 20. Nd5 Nxd5
21. exd5 Qxd2 22. Nxd2 Rxc2 23. Bxe5 dxe5 24. Rxe5 Bf6 25. d6 Bxe5 0-1

[Event "East Lansing (MOR/3)"]
[Site "?"]
[Date "1991.??.??"]
[Round "?"]
[White "Hayes, P."]
[Black "Grzegorczyk, Ron"]
[Result "1-0"]
[WhiteElo "1605"]
[BlackElo "1735"]
[PlyCount "33"]
[EventDate "1991.??.??"]

1. e4 c5 2. Nf3 Nc6 3. d4 cxd4 4. Nxd4 e5 5. Nf5 d6 6. Bc4 Bxf5 7. exf5 Nf6 8.
Bg5 Be7 9. Nc3 Nd4 10. Bxf6 Bxf6 11. Nd5 O-O 12. Ne3 Bg5 13. O-O Bxe3 14. fxe3
Nc6 15. f6 gxf6 16. Qh5 Kh8 17. Bd3 1-0

[Event "Ann Arbor (HVA/5/4)"]
[Site "?"]
[Date "1991.??.??"]
[Round "?"]
[White "Hawley, T."]
[Black "Triplett, Thomas"]
[Result "0-1"]
[WhiteElo "1700"]
[BlackElo "1840"]
[PlyCount "70"]
[EventDate "1991.??.??"]

{5/(4)} 1. e4 c5 2. Nf3 d6 3. d4 cxd4 4. Nxd4 Nf6 5. Nc3 a6 6. Bg5 e6 7. Bd3
Be7 8. O-O Nxe4 9. Bxe7 Nxc3 10. Qg4 Qxe7 11. Qxg7 Qf8 12. Qxf8+ Kxf8 13. bxc3
Nd7 14. f4 Nc5 15. a4 Bd7 16. a5 Rc8 17. Rab1 Kg7 18. Rf3 Kf6 19. Rg3 d5 20.
Nf3 Nxd3 21. cxd3 Rxc3 22. Rxb7 Bb5 23. Ne5 Rf8 24. Rh3 Kg7 25. Rg3+ Kf6 26.
Rh3 Kf5 27. Rf3 Ra3 28. g4+ Kf6 29. Rh3 Kg7 30. Rh5 Bxd3 31. Nxd3 Rxd3 32. Ra7
Rd2 33. Kf1 Rb8 34. Ke1 Ra2 35. Rg5+ Kf6 0-1

[Event "Ann Arbor (HVA/1/13)"]
[Site "?"]
[Date "1991.??.??"]
[Round "?"]
[White "Hawley, T."]
[Black "Kane, Paul"]
[Result "0-1"]
[WhiteElo "1700"]
[BlackElo "1605"]
[PlyCount "129"]
[EventDate "1991.??.??"]

{1/(13)} 1. e4 c5 2. Nf3 d6 3. d4 cxd4 4. Nxd4 Nf6 5. Nc3 a6 6. Bg5 e6 7. Be2
Be7 8. O-O O-O 9. f4 b5 10. Bf3 Bb7 11. e5 Nd5 12. Nxe6 fxe6 13. Nxd5 Bxg5 14.
fxg5 Bxd5 15. Bxd5 Qb6+ 16. Kh1 Rxf1+ 17. Qxf1 exd5 18. Qf5 Qc7 19. Rf1 Nc6 20.
exd6 Qxd6 21. g6 Qxg6 22. Qxd5+ Kh8 23. Qc5 h6 24. h3 Na5 25. Qc7 Nc4 26. Qe7
Qxc2 27. Rf7 Qxb2 28. h4 Rg8 29. h5 Qxa2 30. Kh2 a5 31. Rxg7 Rxg7 32. Qf8+ Kh7
33. Qf5+ Kg8 34. Qe6+ Kh8 35. Qxh6+ Kg8 36. Qe6+ Kh7 37. Qf5+ Kh8 38. Qf8+ Kh7
39. Qf5+ Kg8 40. Qe6+ Kf8 41. Qf6+ Rf7 42. Qd8+ Kg7 43. Qg5+ Kf8 44. Qd8+ Kg7
45. Qg5+ Kh8 46. Qh6+ Kg8 47. Qg5+ Rg7 48. Qd5+ Kh7 49. Qf5+ Kh6 50. Qf6+ Kxh5
51. Qf5+ Kh6 52. Qf6+ Kh7 53. Qf5+ Kh8 54. Qf8+ Kh7 55. Qf5+ Kg8 56. Qe6+ Kf8
57. Qf6+ Ke8 58. Qe6+ Kd8 59. Qf6+ Kd7 60. Qxg7+ Kc6 61. Qf6+ Nd6 62. Qf3+ Qd5
63. Qc3+ Kb6 64. Qe3+ Qc5 65. Qh6 0-1

[Event "East Lansing (MOR/2)"]
[Site "?"]
[Date "1991.??.??"]
[Round "?"]
[White "Hawley, T."]
[Black "Dakins, J."]
[Result "0-1"]
[WhiteElo "1705"]
[BlackElo "1605"]
[PlyCount "28"]
[EventDate "1991.??.??"]

1. e4 d5 2. exd5 Qxd5 3. d4 Nf6 4. Nc3 Qd8 5. Bc4 Bg4 6. f3 Bf5 7. Nge2 e6 8.
h4 h6 9. g4 Bh7 10. g5 hxg5 11. hxg5 Bxc2 12. Qxc2 Rxh1+ 13. Kf2 Ng8 14. Ng3
Rh2+ 0-1

[Event "Ann Arbor (HVA/3/10)"]
[Site "?"]
[Date "1991.??.??"]
[Round "?"]
[White "Hawley, T."]
[Black "Carpenter, O."]
[Result "1-0"]
[WhiteElo "1700"]
[BlackElo "1605"]
[PlyCount "55"]
[EventDate "1991.??.??"]

{3/(10)} 1. e4 c5 2. Nf3 d6 3. d4 cxd4 4. Nxd4 g6 5. Nc3 Nf6 6. Be3 Bg7 7. f3
O-O 8. Bc4 a6 9. a4 e6 10. Qd2 Bd7 11. O-O Nc6 12. Rad1 Rc8 13. Nxc6 Rxc6 14.
Bb3 Qc7 15. f4 Ng4 16. Bd4 Bxd4+ 17. Qxd4 Qb6 18. Qxb6 Rxb6 19. a5 Rc6 20. Ba4
Rc7 21. Bxd7 Rxd7 22. Rd3 Rc8 23. h3 Nf6 24. Rfd1 Rcc7 25. Rxd6 Rxd6 26. Rxd6
Rd7 27. e5 Rxd6 28. exd6 1-0

[Event "Detroit (MI Action/3)"]
[Site "?"]
[Date "1991.??.??"]
[Round "?"]
[White "Harris, Diarra"]
[Black "Brant, J."]
[Result "0-1"]
[WhiteElo "1605"]
[BlackElo "1605"]
[PlyCount "54"]
[EventDate "1991.??.??"]

1. d4 e6 2. e4 Nf6 3. f3 Nc6 4. c3 d5 5. Bf4 dxe4 6. fxe4 Nxe4 7. Bd3 Nf6 8.
Nf3 Bd6 9. g3 e5 10. dxe5 Nh5 11. exd6 Nxf4 12. gxf4 cxd6 13. b4 Ne5 14. Bb5+
Bd7 15. a4 Nxf3+ 16. Qxf3 Bxb5 17. axb5 O-O 18. Rg1 Re8+ 19. Kf2 Qh4+ 20. Kg2
g6 21. Rd1 Re6 22. Nd2 Rae8 23. Rxa7 Re2+ 24. Kf1 Qxh2 25. Qxe2 Rxe2 26. Ra8+
Kg7 27. Nf3 Qf2# 0-1

[Event "Flint (MEX/1)"]
[Site "?"]
[Date "1991.??.??"]
[Round "?"]
[White "Hahn, David"]
[Black "Wilson, Vester"]
[Result "1-0"]
[WhiteElo "2280"]
[BlackElo "2085"]
[PlyCount "111"]
[EventDate "1991.??.??"]

1. c4 Nf6 2. Nc3 e6 3. e4 d5 4. cxd5 exd5 5. e5 Nfd7 6. d4 Bb4 7. Nf3 c5 8.
dxc5 Bxc3+ 9. bxc3 Qa5 10. Bd2 Qxc5 11. Bd3 Nb6 12. O-O Nc6 13. Ng5 h6 14. Qh5
Nd8 15. e6 Bxe6 16. Rae1 Kd7 17. Nxe6 fxe6 18. Qg4 g5 19. Be3 Qc6 20. f4 Nc4
21. Bd4 Re8 22. f5 b5 23. fxe6+ Kc7 24. e7 Nb7 25. Rf6 Ncd6 26. Ree6 Qd7 27.
Qg3 Rxe7 28. Rxd6 Nxd6 29. Bxb5 Re1+ 30. Qxe1 Nxb5 31. Qe5+ Kb7 32. Re6 Nc7 33.
Re7 Qc6 34. Bf2 Re8 35. Rxc7+ Qxc7 36. Qxe8 Qxc3 37. Qb5+ Kc8 38. Qa6+ Kd8 39.
Qd6+ Kc8 40. Qe6+ Kb7 41. Qxd5+ Ka6 42. h3 Qc1+ 43. Kh2 h5 44. Qd3+ Ka5 45. Bg3
h4 46. Bd6 Kb6 47. Qd5 a5 48. a4 Qc6 49. Qxc6+ Kxc6 50. Be7 Kd5 51. Bxg5 Kc4
52. Bxh4 Kb3 53. Be1 Kxa4 54. h4 Kb5 55. Bxa5 Kxa5 56. h5 1-0

[Event "Ann Arbor (MI Inv Pre/1)"]
[Site "?"]
[Date "1991.??.??"]
[Round "?"]
[White "Hahn, David"]
[Black "Lindsay, F."]
[Result "1/2-1/2"]
[WhiteElo "2280"]
[BlackElo "2385"]
[PlyCount "126"]
[EventDate "1991.??.??"]

1. c4 Nf6 2. Nc3 c5 3. g3 d5 4. cxd5 Nxd5 5. Bg2 Nc7 6. a3 g6 7. h4 h6 8. d3
Bg7 9. Bd2 Nc6 10. Nf3 O-O 11. h5 g5 12. Na4 Na6 13. Rc1 Qd6 14. Be3 b6 15. b4
cxb4 16. Nxg5 Bd7 17. Ne4 Qe5 18. axb4 Ncxb4 19. Nac3 Rac8 20. Bf4 Qa5 21. O-O
Qxh5 22. Bf3 Bg4 23. Bxg4 Qxg4 24. Qb3 Qd7 25. f3 Rfd8 26. Kg2 Rc6 27. Na2 Rxc1
28. Rxc1 Qd5 29. Qxd5 Nxd5 30. Bd2 f5 31. Nec3 Nxc3 32. Nxc3 Nc5 33. Rh1 Kf7
34. Nb5 a6 35. Na3 Kg6 36. Be3 Rc8 37. Rb1 Rc6 38. Bxc5 bxc5 39. Nc4 Re6 40.
Kf1 Kg5 41. e3 Bc3 42. Rb7 h5 43. Rc7 Bb4 44. Rc8 h4 45. Rg8+ Kh5 46. gxh4 Kxh4
47. f4 Bc3 48. Kf2 Rc6 49. Kf3 Bf6 50. e4 Kh5 51. e5 Bh4 52. Ne3 Rg6 53. Rh8+
Rh6 54. Rc8 e6 55. Rxc5 Rg6 56. Ra5 Rg3+ 57. Ke2 Rh3 58. Rxa6 Rh2+ 59. Kd1 Rh3
60. Ke2 Rh2+ 61. Kd1 Rh3 62. Ke2 Rh2+ 63. Kd1 Rh3 1/2-1/2

[Event "Ann Arbor (MI Inv Pre/4)"]
[Site "?"]
[Date "1991.??.??"]
[Round "?"]
[White "Hahn, David"]
[Black "Feldman, Steve"]
[Result "1/2-1/2"]
[WhiteElo "2280"]
[BlackElo "2260"]
[PlyCount "132"]
[EventDate "1991.??.??"]

1. c4 Nf6 2. Nc3 e5 3. Nf3 Nc6 4. d3 Bb4 5. Bd2 O-O 6. g3 Re8 7. Bg2 a5 8. O-O
d6 9. Bg5 Bxc3 10. bxc3 h6 11. Bxf6 Qxf6 12. e4 Bg4 13. Qe2 Nd8 14. Qe3 b6 15.
Ne1 Bd7 16. Qd2 Qe7 17. Nc2 Rb8 18. Ne3 c6 19. Rab1 Be6 20. f4 f6 21. Rf2 Qa7
22. f5 Bf7 23. g4 Kf8 24. h4 Ke7 25. g5 hxg5 26. hxg5 Bg8 27. Ng4 Nf7 28. gxf6+
gxf6 29. Qe3 Qc7 30. Bf1 Bh7 31. Rg2 Rg8 32. Rbb2 Rg7 33. Nh6 Ng5 34. Rg3 Kd8
35. Rbg2 Qe7 36. Ng4 Nf7 37. Nxe5 Rxg3 38. Nxf7+ Qxf7 39. Qxg3 Ke7 40. Qf2 Kd7
41. Be2 Kc7 42. Qh4 Rg8 43. Bh5 Rxg2+ 44. Kxg2 Qg7+ 45. Bg4 Bg8 46. a3 Bf7 47.
Kf2 Be8 48. Bf3 Bd7 49. Qh5 Qe7 50. Qh6 Be8 51. d4 c5 52. e5 dxe5 53. Qe3 cxd4
54. cxd4 Qd6 55. dxe5 fxe5 56. Qe4 Qd2+ 57. Be2 Kd6 58. Qe3 Qd4 59. Qxd4+ exd4
60. Kf3 Bh5+ 61. Kf2 Bf7 62. Kf3 Ke5 63. Bd3 Bh5+ 64. Kg3 Bd1 65. f6 Kxf6 66.
Kf4 Ke6 1/2-1/2

[Event "Ann Arbor (MI Inv Semi/2)"]
[Site "?"]
[Date "1991.??.??"]
[Round "?"]
[White "Hahn, David"]
[Black "Basin, Leonid"]
[Result "1/2-1/2"]
[WhiteElo "2280"]
[BlackElo "2460"]
[PlyCount "76"]
[EventDate "1991.??.??"]

1. c4 c5 2. g3 g6 3. Bg2 Bg7 4. Nc3 Nc6 5. Nf3 Nf6 6. O-O O-O 7. d4 cxd4 8.
Nxd4 Nxd4 9. Qxd4 d6 10. b3 Ng4 11. Qd2 Qa5 12. Bb2 Qh5 13. h3 Nf6 14. Nd5 Nxd5
15. Bxg7 Kxg7 16. Qxd5 Qxd5 17. cxd5 Bd7 18. Rfc1 Rac8 19. f4 h6 20. h4 g5 21.
hxg5 hxg5 22. Kf2 Kf6 23. Ke3 Rh8 24. Bf3 Bf5 25. Kd4 gxf4 26. gxf4 Rxc1 27.
Rxc1 Rc8 28. Rg1 e5+ 29. dxe6 Bxe6 30. Bxb7 Rc2 31. e4 Rxa2 32. Bd5 Rd2+ 33.
Kc3 Rf2 34. Bxe6 fxe6 35. Rg4 Rf3+ 36. Kc2 Re3 37. f5 exf5 38. exf5 Kxf5
1/2-1/2

[Event "Flint (MEX/4)"]
[Site "?"]
[Date "1991.??.??"]
[Round "?"]
[White "Hahn, David"]
[Black "Avery, Robert W"]
[Result "0-1"]
[WhiteElo "2280"]
[BlackElo "2145"]
[PlyCount "97"]
[EventDate "1991.??.??"]

1. g3 e5 2. Bg2 d5 3. d3 c5 4. Nf3 Nc6 5. O-O Nf6 6. Nbd2 Be7 7. e4 O-O 8. c3
Rb8 9. a3 a5 10. exd5 Nxd5 11. Nc4 f6 12. a4 Be6 13. Qe2 Bf7 14. Nh4 g6 15. Re1
Re8 16. Nf3 Bf8 17. Qf1 Rc8 18. Be3 Rc7 19. Rad1 Nxe3 20. Rxe3 Bh6 21. Ree1 Bg7
22. Nfd2 Rc8 23. Ne4 Bf8 24. f4 Kg7 25. fxe5 Nxe5 26. Nxe5 Rxe5 27. Kh1 Qb6 28.
Re2 Rd8 29. c4 Rde8 30. Rdd2 Qd8 31. Nc3 Rxe2 32. Rxe2 Qxd3 33. Rxe8 Qxf1+ 34.
Bxf1 Bxe8 35. Bg2 b6 36. Nd5 Bxa4 37. Nxb6 Bb3 38. Bd5 Bd6 39. Nc8 Be5 40. Nb6
Bxb2 41. Bc6 f5 42. Kg2 Bd4 43. Ba4 Bxa4 44. Nxa4 Kf6 45. Kf3 g5 46. h3 h5 47.
Ke2 g4 48. hxg4 fxg4 49. Nb6 0-1

[Event "East Lansing (MOR/4)"]
[Site "?"]
[Date "1991.??.??"]
[Round "?"]
[White "Grzegorczyk, Ron"]
[Black "Houston, Ryan"]
[Result "1-0"]
[WhiteElo "1735"]
[BlackElo "1605"]
[PlyCount "68"]
[EventDate "1991.??.??"]

1. e4 e5 2. Nf3 Nf6 3. Nc3 Nc6 4. Bb5 d6 5. d4 Bg4 6. dxe5 dxe5 7. Qxd8+ Rxd8
8. Nxe5 Nxe4 9. Nxg4 Nxc3 10. bxc3 Bc5 11. O-O O-O 12. Bxc6 bxc6 13. Be3 Bxe3
14. Nxe3 Rb8 15. Rab1 f6 16. Rb3 Rb6 17. Nc4 Rb5 18. Rfb1 Rd8 19. Kf1 Rdd5 20.
Ne3 Rdc5 21. c4 Rb6 22. Ke2 Kf7 23. Kd3 Ke6 24. Re1 Kd6 25. Kd4 a5 26. a4 h5
27. Reb1 Ra6 28. Rb7 Re5 29. Kc3 Re7 30. Nf5+ Ke6 31. Nxe7 Kxe7 32. Rxc7+ Ke6
33. Rxg7 Kf5 34. Re7 Kg5 1-0

[Event "East Lansing (MOR/7)"]
[Site "?"]
[Date "1991.??.??"]
[Round "?"]
[White "Grzegorczyk, Ron"]
[Black "Cischke, J."]
[Result "0-1"]
[WhiteElo "1735"]
[BlackElo "1605"]
[PlyCount "58"]
[EventDate "1991.??.??"]

1. e4 e5 2. Nf3 Nc6 3. Bb5 a6 4. Ba4 Nf6 5. O-O Be7 6. Re1 b5 7. Bb3 O-O 8. c3
d6 9. d4 Bg4 10. d5 Na5 11. Bc2 c6 12. h3 Bh5 13. g4 Bg6 14. b4 Nc4 15. dxc6
Qb6 16. Qe2 Qxc6 17. Nfd2 Nb6 18. f3 d5 19. Nb3 dxe4 20. Na5 Qc7 21. fxe4 Rac8
22. Bb2 Bxb4 23. cxb4 Qxc2 24. Qxc2 Rxc2 25. Bxe5 Bxe4 26. Na3 Rg2+ 27. Kf1 Bf3
28. Nb3 Ne4 29. Nd4 Nd2# 0-1

[Event "East Lansing (MOR/2)"]
[Site "?"]
[Date "1991.??.??"]
[Round "?"]
[White "Grzegorczyk, Ron"]
[Black "Austin, Joel"]
[Result "1-0"]
[WhiteElo "1735"]
[BlackElo "1605"]
[PlyCount "53"]
[EventDate "1991.??.??"]

1. e4 e5 2. Nf3 Nc6 3. Bb5 a6 4. Ba4 Bc5 5. c3 b5 6. Bc2 Nf6 7. d4 exd4 8. cxd4
Bb6 9. O-O O-O 10. a3 Bb7 11. Nc3 Re8 12. e5 Ng4 13. h3 Ngxe5 14. dxe5 Nxe5 15.
Nxe5 Rxe5 16. Bf4 Re6 17. Qh5 h6 18. Rae1 Qf6 19. Rxe6 dxe6 20. Be3 e5 21. Bxb6
Qxb6 22. Qxe5 Qc6 23. Be4 f6 24. Bxc6 fxe5 25. Bxb7 Ra7 26. Bd5+ Kf8 27. Re1
1-0

[Event "Ann Arbor (HVA/4/10)"]
[Site "?"]
[Date "1991.??.??"]
[Round "?"]
[White "Griffin, John"]
[Black "Wright, Ken"]
[Result "1-0"]
[WhiteElo "1605"]
[BlackElo "1605"]
[PlyCount "53"]
[EventDate "1991.??.??"]

{4/(10)} 1. d4 Nf6 2. c4 e6 3. g3 g6 4. Bg2 c6 5. Nf3 d6 6. O-O Nbd7 7. Bg5 Be7
8. Nc3 h6 9. Bd2 g5 10. e4 Nf8 11. e5 N6d7 12. exd6 Bxd6 13. Ne4 Bc7 14. Bc3
Rg8 15. Nfd2 Nf6 16. Nxf6+ Qxf6 17. Qe2 Bd7 18. Nf3 O-O-O 19. d5 Qg6 20. Ne5
Bxe5 21. Qxe5 exd5 22. cxd5 Re8 23. Qd4 Kb8 24. Rae1 f5 25. Rxe8+ Bxe8 26. dxc6
Ne6 27. Qd6+ 1-0

[Event "East Lansing (MOR/2)"]
[Site "?"]
[Date "1991.??.??"]
[Round "?"]
[White "Griffin, John"]
[Black "Wisckol, Richard"]
[Result "0-1"]
[WhiteElo "1610"]
[BlackElo "1765"]
[PlyCount "96"]
[EventDate "1991.??.??"]

1. d4 Nf6 2. c4 d6 3. g3 g6 4. Nf3 Bg7 5. Bg2 O-O 6. Nc3 c5 7. d5 Bf5 8. O-O
Na6 9. a3 Rb8 10. Nh4 Bg4 11. h3 Bd7 12. Qc2 Nc7 13. Re1 b5 14. cxb5 Nxb5 15.
Nxb5 Bxb5 16. e4 Nd7 17. Bf1 Ne5 18. Bxb5 Rxb5 19. Qe2 Rb3 20. Qd1 Qb6 21. Re3
Rb8 22. Rxb3 Qxb3 23. Bd2 Qxd1+ 24. Rxd1 Rxb2 25. a4 Nc4 26. Be1 Ne5 27. Kf1
Kf8 28. Bc3 Rb3 29. Bd2 Ke8 30. Ke2 Kd7 31. Rc1 Kc7 32. Bc3 Bh6 33. Rc2 Nd7 34.
Nf3 Nf6 35. Kd3 Ra3 36. a5 Ra4 37. Nd2 Bxd2 38. Bxd2 Nxe4 39. Be1 Nf6 40. Rc4
Ra3+ 41. Rc3 Rxc3+ 42. Kxc3 Nxd5+ 43. Kc4 Kc6 44. Bd2 e6 45. Bh6 Nb4 46. Bf8
d5+ 47. Kc3 Kb5 48. Be7 Na6 0-1

[Event "East Lansing (MOR/5)"]
[Site "?"]
[Date "1991.??.??"]
[Round "?"]
[White "Griffin, John"]
[Black "Williams, Eddie"]
[Result "1-0"]
[WhiteElo "1610"]
[BlackElo "1605"]
[PlyCount "145"]
[EventDate "1991.??.??"]

1. d4 d5 2. c4 Nc6 3. e3 Nf6 4. cxd5 Nxd5 5. Nf3 Bg4 6. Be2 Bxf3 7. Bxf3 e6 8.
a3 Bd6 9. Qb3 Nb6 10. Bxc6+ bxc6 11. Nd2 O-O 12. Nf3 c5 13. dxc5 Bxc5 14. O-O
Qf6 15. Bd2 Bd6 16. Bc3 Qh6 17. Rfd1 Nd5 18. Be5 Rfd8 19. Rd2 Qh5 20. Bxd6 Rxd6
21. Rad1 Rad8 22. Qb5 Qg4 23. h3 Qe4 24. Qe2 Nb6 25. Rd4 Rxd4 26. Rxd4 Rxd4 27.
Nxd4 h6 28. Nb5 Qb7 29. Nc3 Nd5 30. Qd2 Nxc3 31. Qxc3 Qb6 32. Kf1 Qd6 33. Qd4
Qa6+ 34. Kg1 Qa5 35. g3 a6 36. Kf1 Qb5+ 37. Ke1 c6 38. Kd2 Qf5 39. Qd8+ Kh7 40.
Qd3 Kg6 41. Qxf5+ Kxf5 42. Kd3 Ke5 43. f3 f5 44. h4 g5 45. hxg5 hxg5 46. b3 g4
47. fxg4 fxg4 48. b4 Kd5 49. e4+ Ke5 50. Ke3 Kf6 51. Kd4 Kf7 52. Ke5 Ke7 53.
Kf4 Kf6 54. Kxg4 Kg6 55. Kf4 Kf6 56. e5+ Kg6 57. Kg4 Kh6 58. Kh4 Kg6 59. g4 Kh6
60. g5+ Kg6 61. Kg4 Kg7 62. Kh5 Kh7 63. g6+ Kg7 64. Kg5 Kg8 65. Kf6 Kf8 66.
Kxe6 Kg7 67. Kd7 a5 68. e6 axb4 69. axb4 c5 70. bxc5 Kxg6 71. e7 Kf5 72. e8=Q
Kf4 73. c6 1-0

[Event "Ann Arbor (HVA/2/11)"]
[Site "?"]
[Date "1991.??.??"]
[Round "?"]
[White "Griffin, John"]
[Black "Shelters, Richard"]
[Result "1-0"]
[WhiteElo "1605"]
[BlackElo "1605"]
[PlyCount "81"]
[EventDate "1991.??.??"]

{2/(11)} 1. d4 d5 2. c4 Nf6 3. g3 b6 4. Bg2 e6 5. Nf3 Bb7 6. O-O Bd6 7. Nc3 a6
8. cxd5 exd5 9. a3 O-O 10. Qc2 Nbd7 11. Ng5 c6 12. e4 dxe4 13. Ncxe4 Bc7 14. b4
h6 15. Nh3 Re8 16. Bb2 Nxe4 17. Bxe4 Nf6 18. Bg2 Bc8 19. Rfe1 Bd7 20. Qd2 Qc8
21. Rxe8+ Nxe8 22. Nf4 Nf6 23. Rd1 b5 24. d5 Bg4 25. Rc1 cxd5 26. Bxf6 gxf6 27.
Nxd5 Qd8 28. Rxc7 Rc8 29. Qf4 Rxc7 30. Qxg4+ Kf8 31. Nxc7 Qxc7 32. Qd1 Ke7 33.
a4 Qc3 34. axb5 axb5 35. Qe2+ Kd6 36. Qxb5 Qe1+ 37. Bf1 Qe5 38. Qb6+ Kd5 39.
Qb7+ Kd4 40. b5 Qe6 41. Qa7+ 1-0

[Event "East Lansing (MOR/1)"]
[Site "?"]
[Date "1991.??.??"]
[Round "?"]
[White "Griffin, John"]
[Black "Berger, Byron"]
[Result "1-0"]
[WhiteElo "1610"]
[BlackElo "1605"]
[PlyCount "63"]
[EventDate "1991.??.??"]

1. d4 d5 2. c4 e6 3. g3 Nf6 4. Bg2 c5 5. Nc3 cxd4 6. Qxd4 Nc6 7. Qd1 Bc5 8. e3
d4 9. exd4 Qxd4 10. Be3 Qxd1+ 11. Rxd1 Bxe3 12. fxe3 O-O 13. Nf3 Re8 14. O-O e5
15. h3 h5 16. Ng5 Be6 17. b3 Nh7 18. Nxe6 Rxe6 19. Bd5 Rf6 20. Ne4 Rxf1+ 21.
Rxf1 Rf8 22. g4 hxg4 23. hxg4 Nb4 24. Bxb7 Nxa2 25. Rd1 Rb8 26. Nd6 Nf6 27. c5
Ne8 28. c6 Nc7 29. Nxf7 Rxb7 30. cxb7 Na6 31. Nxe5 Nc3 32. Rd8+ 1-0

[Event "East Lansing (MOR/6)"]
[Site "?"]
[Date "1991.??.??"]
[Round "?"]
[White "Gregg, Ted"]
[Black "Rosenberg, Steve"]
[Result "0-1"]
[WhiteElo "1605"]
[BlackElo "1770"]
[PlyCount "38"]
[EventDate "1991.??.??"]

1. f4 Nf6 2. b3 Nd5 3. e3 e6 4. Nf3 Qf6 5. d4 Bb4+ 6. Bd2 Nxe3 7. Qe2 Nxc2+ 8.
Kd1 Bxd2 9. Qxd2 Nxa1 10. Bd3 Nxb3 11. axb3 Nc6 12. Qe3 d6 13. d5 Ne7 14. Bc4
O-O 15. Re1 Nxd5 16. Bxd5 exd5 17. Qd4 Qxd4+ 18. Nxd4 Bg4+ 19. Kc2 Rfe8 0-1

[Event "East Lansing (MOR/2)"]
[Site "?"]
[Date "1991.??.??"]
[Round "?"]
[White "Gregg, Ted"]
[Black "McCarter, Robert"]
[Result "0-1"]
[WhiteElo "1605"]
[BlackElo "1715"]
[PlyCount "82"]
[EventDate "1991.??.??"]

1. f4 d5 2. b3 Nf6 3. Bb2 e6 4. Nf3 Bd6 5. e3 O-O 6. Be2 Nbd7 7. O-O b6 8. Qe1
Bb7 9. Ne5 c5 10. d3 Qc7 11. Nxd7 Qxd7 12. Bxf6 gxf6 13. Nd2 Kh8 14. Qh4 Qe7
15. f5 e5 16. Rf3 Rg8 17. Rh3 Rg7 18. Rf1 Rag8 19. Bf3 Re8 20. Rf2 e4 21. dxe4
dxe4 22. Be2 a6 23. Nc4 Bc7 24. g4 b5 25. Nd2 Qe5 26. Nf1 Qc3 27. Rg2 Kg8 28.
g5 Bd8 29. g6 fxg6 30. fxg6 f5 31. gxh7+ Kh8 32. Qh5 Rxg2+ 33. Kxg2 Qe5 34. Ng3
Bc8 35. Qh6 f4 36. Rh5 f3+ 37. Kf2 Qf6 38. Bf1 Qc3 39. Nxe4 Qxc2+ 40. Kxf3 Bg4+
41. Kxg4 Qxe4+ 0-1

[Event "East Lansing (MOR/4)"]
[Site "?"]
[Date "1991.??.??"]
[Round "?"]
[White "Gregg, Ted"]
[Black "Carpenter, O."]
[Result "1-0"]
[WhiteElo "1605"]
[BlackElo "1605"]
[PlyCount "53"]
[EventDate "1991.??.??"]

1. f4 Nf6 2. b3 d5 3. Bb2 c5 4. e3 Nc6 5. Bb5 Bd7 6. Nf3 a6 7. Bxc6 Bxc6 8. O-O
e6 9. Ne5 Bb5 10. d3 Be7 11. Nd2 O-O 12. c4 Bc6 13. Nxc6 bxc6 14. Nf3 Ng4 15.
Qe1 Bf6 16. Ne5 Qd6 17. Qg3 Qc7 18. Qxg4 Rad8 19. Rf2 d4 20. exd4 cxd4 21. Nf3
c5 22. Raf1 e5 23. Bc1 Rde8 24. fxe5 Bxe5 25. Nxe5 Qxe5 26. Bh6 Re7 27. Rf5 1-0

[Event "Detroit (MI Action/5)"]
[Site "?"]
[Date "1991.??.??"]
[Round "?"]
[White "Gramlich, Allen"]
[Black "Whipple, Greg"]
[Result "1-0"]
[WhiteElo "1605"]
[BlackElo "1605"]
[PlyCount "41"]
[EventDate "1991.??.??"]

1. e4 e5 2. Nf3 Nc6 3. Bc4 Bc5 4. c3 Nf6 5. d4 exd4 6. cxd4 Bb4+ 7. Nc3 Nxe4 8.
O-O Bxc3 9. d5 Ne7 10. bxc3 O-O 11. Re1 Nxc3 12. Qb3 Ncxd5 13. Bxd5 c6 14.
Bxf7+ Rxf7 15. Ng5 Qe8 16. Ba3 Kf8 17. Nxh7+ Kg8 18. Rxe7 Qd8 19. Nf6+ gxf6 20.
Qxf7+ Kh8 21. Qh7# 1-0